10 Famous People from Philippines - Statistics

General Stats
  • This quiz has been taken 171 times
  • The average score is 6 of 10
Answer Stats
Hint Answer % Correct
Professional boxer known as PacMan Manny Pacquiao
91%
Dictator who was removed from power in 1986 after a series of protests called the People Power Revolution Ferdinand Marcos
90%
President from 2016 to 2022 whose war on crime resulted in the killing of thousands of people Rodrigo Duterte
82%
First woman to be president of the Philippines as well as the first female president in Asia Corazon Aquino
78%
President of Philippines after whom was the most populous city named Manuel L. Quezon
68%
Filipino-German model, actress and beauty queen who was crowned Miss Universe 2015 Pia Wurtzbach
62%
Polymath and nationalist who inspired the Philippine Revolution through his writings Jose Rizal
55%
Basketball player who played for LA Lakers, Cleveland and Utah Jordan Clarkson
39%
Filipino-American basketball coach who won two NBA titles with Miami Heat Erik Spoelstra
31%
Actor best known as Ritchie Valens from the film La Bamba Lou Diamond Philips
9%
No matching quizzes found
Score Distribution
Percent of People with Each Score
Percentile by Number Answered
Your Score History
You have not taken this quiz